Statistiques concernant Culture Générale - Série 1159

Cliquez ici pour prendre le quiz!

Statistiques générales

  • Ce quiz a été pris 71 fois
  • Le résultat moyen est 7 sur 10

Statistiques - réponses

QuestionRéponse% Correct
Traditionnellement, quels petits fruits rouges, non dénoyautés, entrent dans la préparation d'un clafoutis ?cerises
97%
Si le mot "recto" désigne l'endroit d'une feuille, comment s'appelle l'envers ?verso
96%
Quelle graminée d'Asie utilise-t-on traditionnellement pour faire une paella ou un pilaf ?riz
94%
De quels animaux s'occupe spécifiquement un palefrenier ?chevaux
91%
Dans quel océan se situe l'archipel des Tuamotu ? (prononcer Touamotou)Pacifique
90%
Quelle fête chrétienne est célébrée le premier dimanche suivant le 1er janvier ?Épiphanie
77%
Selon l'expression, la loi du plus fort, c'est "la loi de la...jungle
59%
Quel est le chef-lieu du département de l'Allier ?Moulins
51%
Quel adjectif qualifie le quartier parisien où s'affrontèrent étudiants et forces de l'ordre dans la nuit du 10 au 11 mai 1968 ?latin
51%
Quel écrivain français, prénommé Paul, a été l'époux de Gala, muse de Salvador Dali ?Paul Éluard
38%

Distribution des résultats

Percentile par nombre de réponses

% des personnes avec chaque résultat

Votre développement - résultats

Vous n’avez pas pris ce quiz